000
00290nam a2200121Ia 4500
008
190216s9999||||xx |||||||||||||| ||und||
100
_a
Sharma R G
245
0
_a
Advanced Experimental Physical Chemistry
260
_b
K Nath & Co
_c
1978
300
_a
192p
650
_a
Chemistry
942
_c
BK
999
_c
2685
_d
2685